Sur quelques fossiles du crétacé inférieur de la Provence / (Record no. 156598)

MARC details
000 -LEADER
campo de control de longitud fija 00701nam a2200169 i 4500
001 - NÚMERO DE CONTROL
campo de control 156598
003 - IDENTIFICADOR DE NÚMERO DE CONTROL
campo de control ES-MaACL
005 - FECHA Y HORA DE LA ÚLTIMA TRANSACCIÓN
campo de control 20230906210443.0
008 - DATOS DE LONGITUD FIJA--INFORMACIÓN GENERAL
campo de control de longitud fija 021213s1888 fr f |||| | fre d
040 ## - FUENTE DE CATALOGACIÓN
Centro catalogador/agencia de origen CCPB | B
Lengua de catalogación spa
Centro/agencia transcriptor CCPB | B
100 1# - ENTRADA PRINCIPAL--NOMBRE DE PERSONA
Nombre de persona Kilian, W.
9 (RLIN) 68029
245 10 - MENCIÓN DEL TÍTULO
Título Sur quelques fossiles du crétacé inférieur de la Provence /
Mención de responsabilidad, etc. par W. Kilian.
260 ## - PUBLICACIÓN, DISTRIBUCIÓN, ETC.
Lugar de publicación, distribución, etc. Lagny :
Nombre del editor, distribuidor, etc. [s.n.],
Fecha de publicación, distribución, etc. 1888 (
Fabricante Émile Colin, imprimerie)
300 ## - DESCRIPCIÓN FÍSICA
Extensión P. 663-691, [5] h. de grab., [1] h. de lám. pleg. ;
Dimensiones 24 cm.
650 #4 - PUNTO DE ACCESO ADICIONAL DE MATERIA--TÉRMINO DE MATERIA
Término de materia o nombre geográfico como elemento de entrada Fósiles-
Subdivisión geográfica Francia.
9 (RLIN) 136153
852 ## - LOCALIZACIÓN
Ubicación ES-MaACL
Número de control de estantería T-903-F-5
Nota libre -- Enc. hol., conservando la cub. original
-- -- Legado de Federico de Botella y de Hornos
-- -- Enc. en un vol. facticio
Holdings
Estatus retirado Estado de pérdida Estado de daño No para préstamo Colección Biblioteca de origen Biblioteca actual Ubicación en estantería Fecha de adquisición Total de préstamos Signatura topográfica completa Código de barras Visto por última vez Precio de reemplazo Tipo de ítem Koha
        Colección de folletos Biblioteca del Ateneo de Madrid Biblioteca del Ateneo de Madrid Depósito folletos 17/01/2008   T-903-F-5 1163840 23/02/2023 23/02/2023 Folleto